ASP 3 fast & easy web development
You don't have to spend your time wading through manuals to learn Active Server Pages. Spend it doing what you do best—creating Web pages! Get your foot in the door with ASP by learning about ASP objects, VBScript, ADO, SQL, and COM/COM+. Build high performance, scalable Web applications in no...
Na minha lista:
| Autor principal: | |
|---|---|
| Formato: | Livro |
| Idioma: | Undetermined |
| Publicado em: |
Roseville, California
Prima Tech
2000
|
| Assuntos: | |
| Tags: |
Adicionar Tag
Sem tags, seja o primeiro a adicionar uma tag!
|
| Thư viện lưu trữ: | Trung tâm Học liệu Trường Đại học Cần Thơ |
|---|
| LEADER | 01169nam a2200205Ia 4500 | ||
|---|---|---|---|
| 001 | CTU_220210 | ||
| 008 | 210402s9999 xx 000 0 und d | ||
| 020 | |c 9 | ||
| 082 | |a 005.276 | ||
| 082 | |b T464 | ||
| 100 | |a Thomasson, Michael D. | ||
| 245 | 0 | |a ASP 3 fast & easy web development | |
| 245 | 0 | |c Michael D. Thomasson | |
| 260 | |a Roseville, California | ||
| 260 | |b Prima Tech | ||
| 260 | |c 2000 | ||
| 520 | |a You don't have to spend your time wading through manuals to learn Active Server Pages. Spend it doing what you do best—creating Web pages! Get your foot in the door with ASP by learning about ASP objects, VBScript, ADO, SQL, and COM/COM+. Build high performance, scalable Web applications in no time! The Premier Press Fast & Easy TM Web Development series combines easy-to-understand instructions with visual examples. The result is a unique, hands-on approach to ASP that you won't find anywhere else. Less time, less effort, more results! | ||
| 650 | |a Các trang máy chủ hoạt động,Phát triển trang web,Active server pages,Web site development | ||
| 904 | |i Nguyên | ||
| 980 | |a Trung tâm Học liệu Trường Đại học Cần Thơ | ||